000 00446nam a2200169Ia 4500
005 20250923144707.0
008 008 250917s9999 xx 000 0 eng d
037 _aTextual
040 _aDSWL
_beng
_cDSWL
041 _aeng
_2eng
084 _qDSWL
245 0 _aWest Indian comes to England
_cEd. by S.K. Ruck
260 _aLondon
_bRoutledge and Kegan Paul
_c1960
300 _axii,198p.
942 _cTEXL
999 _c1442141
_d1442141